Statistiche per Cibi dalla a-z

Clicka qui per fare il quiz!

Statistiche generali

  • Questo quiz è stato fatto 262 volte
  • Il punteggio medio è 20 su 26

Statistiche sulle risposte

IndizioRisposta% Corretto
Agrume di colore gialloLLimone
95%
Se spremuta si ottiene olioOOliva
94%
Cibo che si mangia principalmente nei fast foodHHamburger
92%
Alimento mangiato a Natale che molti preferiscono al PanettonePPandoro
92%
Frutto che si decora ad HalloweenZZucca
92%
Verdura viola, cucinata spesso grigliataMMelanzana
90%
Verdura che si mangia conditaIInsalata
89%
Frutta secca più conosciutaNNoce
89%
Frutto dalla buccia pelosa e dalla polpa verdeKKiwi
88%
Frutto tropicaleAAnanas
86%
Insaccato avvolto da budelloSSalame
84%
Molluschi che possono essere anche veraciVVongole
83%
Dolce freddo inventato in ItaliaGGelato
82%
Tubero di colore rosso-violaceoBBarbabietola
81%
Alimento mangiato dai vegetariani ma non dai veganiUUovo
78%
Alimento cremoso proveniente dal latte con sapore aciduloYYogurt
78%
Frutto che viene dalle regioni vicine all'EgittoDDattero
77%
Verdura simile all'insalata ma di colore violaRRadicchio
69%
Semi ricchi di amido cucinati come il risoQQuinoa
68%
Falso frutto di colore rossoFFragola
67%
Pianta aromatica dal sapore simile alla cipollaEErba cipollina
62%
Tubero dal valore inestimabileTTartufo
62%
Dolce formato da strati di crema tra varie cialdeWWafer
61%
Tipo di peperoncino piccanteJJalapeno
59%
Frutto verde, scambiato per una verduraCCetriolo
52%
Piatto indiano fatto di pollo con molte spezie e peperoni secchiXXacuti
1%

Distribuzione punteggi

Percentile per numero di risposta

Percentuale di utenti per punteggio

I tuoi punteggi nel tempo

Non hai fatto questo quiz